Wymień członków tych organizacji - Statystyki

Ogólne statystyki
  • Ten quiz został rozwiązany 28 razy
  • Średni wynik to 13 z 21
Statystyki odpowiedzi
Nazwa Organizacji Kraje % Poprawnych
NAFTA (6), ..da Kanada
94%
NAFTA (15) Stany Zjednoczone
89%
ANZUS (15) Stany Zjednoczone
89%
NAFTA (6) Meksyk
78%
ANZUS (9) Australia
72%
Mercosur (8) Brazylia
72%
EFTA (8), ..weg.. Norwegia
72%
Mercosur (9) Argentyna
67%
EFTA (8) Islandia
61%
ANZUS (12) Nowa Zelandia
61%
Mercosur (8), ...aj Paragwaj
61%
Mercosur (7) Urugwaj
56%
CEFTA (18) Bośnia i Hercegowina
50%
CEFTA (6), ..owo Kosowo
50%
EFTA (13) Liechtenstein)
50%
CEFTA (8) Mołdawia
50%
CEFTA (6) Serbia
50%
EFTA (10) Szwajcaria
50%
CEFTA (6) Albania
44%
CEFTA (10) Czarnogóra
44%
CEFTA (17) Macedonia Północna
44%
Nie znaleziono quizów pasujących do podanych kryteriów
Rozkład punktacji
Procent ludzi z każdym wynikiem
Percentyl według liczby udzielonych odpowiedzi
Twoja historia wyników
Nie rozwiązałeś tego quizu